Technological innovation: Government industry co operation (Record no. 31365)

MARC details
000 -LEADER
fixed length control field 00353nam a2200121Ia 4500
082 ## - DEWEY DECIMAL CLASSIFICATION NUMBER
Classification number 351.824.1
Item number GER
245 #0 - TITLE STATEMENT
Title Technological innovation: Government industry co operation
260 ## - PUBLICATION, DISTRIBUTION, ETC. (IMPRINT)
Place of publication New York
Name of publisher John Wiley
Year of publication 1979
650 ## - SUBJECT ADDED ENTRY--TOPICAL TERM
Topical Term Technological innovation
700 ## - ADDED ENTRY--PERSONAL NAME
Personal name GERSTENFELD, Arthur
942 ## - ADDED ENTRY ELEMENTS (KOHA)
Koha item type Books
Holdings
Withdrawn status Lost status Damaged status Not for loan Home library Current library Date acquired Full call number Accession Number Koha item type
        RRII Library RRII Library 16/12/2021 351.824.1 GER 11911 Books